Los algarrobos también sueñan / (Registro nro. 7056)

Detalles MARC
000 -LIDER
fixed length control field 00969nam a2200325Ia 4500
001 - NÚMERO DE CONTROL
Identificador de número de control 7056
003 - IDENTIFICACDOR DE NÚMERO DE CONTROL
control field DO-SdBNP
005 - DATE AND TIME OF LATEST TRANSACTION
control field 20221117091927.0
008 - ELEMENTOS DE LONGITUD FIJA
fixed length control field 140604s 1978 dr 000 0 und d
040 ## - FUENTE DE CATALOGACIÓN
Agencia que crea de manera original el registro BPMSU
Idioma de catalogación spa
Agencia que realiza la transcripción BPMSU
082 04 - NÚMERO DE CLASIFICACIÓN DECIMAL DE DEWEY
Classification number RD863.44
Item number D542a, 1978
092 ## - LOCALLY ASSIGNED DEWEY DECIMAL CALL NUMBER
Número de clasificación
100 ## - ASIENTO PRINCIPAL -- NOMBRE PERSONAL
Nombre personal Díaz Grullón, Virgilio,
Fechas asociadas con el nombre 1924-2001
245 ## - MENCIÓN DE TITULO
Título Los algarrobos también sueñan /
Mención de responsabilidad Virgilio Díaz Grullón
250 ## - MENCIÓN DE EDICION
Mención de edición 2 ed.
260 ## - PUBLICACIÓN, DISTRIBUCIÓN, ETC. (PIE DE IMPRENTA)
Lugar de publicación, distribución, etc Santo Domingo :
Nombre del editor, distribuidor, etc. Taller,
Fecha de publicación, distribución, etc 1978.
300 ## - DESCRIPCIÓN FÍSICA
Extensión 93 p. :
Otros detalles físicos il. ;
Dimensiones 20 cm.
490 0# - MENCIÓN DE SERIES
Mención de serie Biblioteca Taller
Volume/sequential designation 78
586 ## - AWARDS NOTE
Awards note Premio Nacional Manuel de Jesús Galván, 1977
590 ## - NOTA LOCAL
Enlace Inventariado, 2021/VM
600 ## - ENCABEZAMIENTO DE MATERIA--NOMBRE PERSONAL
Nombre personal Díaz Grullón, Virgilio
Fechas asociadas con el nombre 1924-2001
Subdivisión temática general Crítica e interpretación
650 #4 - ENCABEZAMIENTO DE MATERIA--TEMÁTICO
Término temático o nombre geográfico como elemento de entrada Novela dominicana
650 #4 - ENCABEZAMIENTO DE MATERIA--TEMÁTICO
Término temático o nombre geográfico como elemento de entrada Lliteratura dominicana
852 ## - LOCALIZACIÓN
Número de copia
856 ## - UBICACIÓN ELECTRÓNICA Y ACCESO
Identificador Uniforme del Recurso (“URI”)
910 ## - VALIDACIÓN
Validación VMateo/ Validado. Control de calidad MFF
942 ## - ADDED ENTRY ELEMENTS (KOHA)
Source of classification or shelving scheme Dewey Decimal Classification
Koha item type Libros
945 ## - INFORMACIÓN DE PROCESAMIENTO LOCAL
Información de procesamiento local
956 ## - LOCAL ELECTRONIC LOCATION AND ACCESS (OCLC)
Materiales especificados 10
Enlace 20150728
Campo enlazado y núm. de secuencia BPMSU
Nombre de host 0069
Existencias
Withdrawn status Lost status Source of classification or shelving scheme Damaged status Not for loan Collection code Home library Current library Date acquired Total Checkouts Full call number Barcode Date last seen Price effective from Koha item type
    Dewey Decimal Classification     Colección Dominicana Biblioteca Pública Metropolitana Salomé Ureña Biblioteca Pública Metropolitana Salomé Ureña 07/08/2014   BPMSU RD863.44 D542a 1978 BPMSU15040458 07/08/2014 07/08/2014 Libros
    Dewey Decimal Classification     Colección Dominicana Biblioteca Pública Metropolitana Salomé Ureña Biblioteca Pública Metropolitana Salomé Ureña 01/31/2017   BPMSU RD863.44 D542a 1978 BPMSU17090031 01/31/2017 01/31/2017 Libros